| 000 | 00443cam a2200181ua 4500 | ||
|---|---|---|---|
| 020 | _cRs 1.50 | ||
| 041 |
_amal _h |
||
| 082 |
_a894.8121 _bPAR/PI |
||
| 100 | _aParameswara Aiyer, Ullur. | ||
| 245 |
_aPingala / _cUllur Parameswara Aiyer. _hTextual Documents |
||
| 250 |
_a10 / _b. |
||
| 260 |
_aUllur : _bUllur Publishers , _c1963. |
||
| 300 | _a72 ; . | ||
| 365 | _aRs 1.50 | ||
| 504 | _a | ||
| 942 | _cBK | ||
| 999 |
_c4038 _d4038 |
||